000 00469nam a22001697a 4500
080 _a342 (82) F 393
100 _aFernandez Alvariño, Pròspero Germàn
245 _aZ... Argentina el Crimen del Siglo
_b(teniente general Pedro Eugenio Aramburu)
260 _aBuenos Aires
_bLex
_c1974
300 _a329 P.
650 _xderecho polìtico
650 _xPedro Eugenio Aramburu
650 _xsecuestro
650 _xmuerte
945 _acd
_d2015-05-12
999 _c3879
_d234383
942 _6_